LIBRARY & INFORMATION CENTRE, KCAET, TAVANUR

ONLINE PUBLIC ACCESS CATALOGUE (OPAC)

Normal view MARC view
  • Drama

Entry Topical Term

Number of records used in: 1

001 - CONTROL NUMBER

  • control field: 5583

003 - CONTROL NUMBER IDENTIFIER

  • control field: OSt

005 - DATE AND TIME OF LATEST TRANSACTION

  • control field: 20231114102632.0

008 - FIXED-LENGTH DATA ELEMENTS

  • fixed length control field: 231114|| aca||aabn | a|a d

040 ## - CATALOGING SOURCE

  • Original cataloging agency: OSt
  • Transcribing agency: OSt

150 ## - HEADING--TOPICAL TERM

  • Topical term or geographic name as entry element: Drama

670 ## - SOURCE DATA FOUND

  • Source citation: Work cat.: (OSt)17788: Nicoll, Allardyce 5582, History of Late Nineteenth Century Drama 1850-1900, 1949.
free website counter